TEXTBOOK OF PRACTICAL PHYSIOLOGY FOR DENTAL STUDENTS (Record no. 216448)
[ view plain ]
| 000 -LEADER | |
|---|---|
| fixed length control field | 00503nam a22001817a 4500 |
| 008 - FIXED-LENGTH DATA ELEMENTS--GENERAL INFORMATION | |
| fixed length control field | 260112b |||||||| |||| 00| 0 eng d |
| 020 ## - INTERNATIONAL STANDARD BOOK NUMBER | |
| International Standard Book Number | 978-93-86235-00-8 |
| 100 ## - MAIN ENTRY--PERSONAL NAME | |
| Personal name | PAL, G. K. |
| 245 ## - TITLE STATEMENT | |
| Title | TEXTBOOK OF PRACTICAL PHYSIOLOGY FOR DENTAL STUDENTS |
| 250 ## - EDITION STATEMENT | |
| Edition statement | 2ND ED. |
| 260 ## - PUBLICATION, DISTRIBUTION, ETC. | |
| Place of publication, distribution, etc. | TELANGANA, INDIA |
| Name of publisher, distributor, etc. | UNIVERSITIES PRESS |
| Date of publication, distribution, etc. | 2017 |
| 300 ## - PHYSICAL DESCRIPTION | |
| Extent | XIII,314P. |
| 500 ## - GENERAL NOTE | |
| General note | INCLUDES INDEX |
| 650 ## - SUBJECT ADDED ENTRY | |
| Topical term or geographic name entry element | PHYSIOLOGICAL PHENOMENA |
| 700 ## - ADDED ENTRY--PERSONAL NAME | |
| Personal name | PAL, PRAVATI |
| 942 ## - ADDED ENTRY ELEMENTS (KOHA) | |
| Source of classification or shelving scheme | Library of Congress Classification |
| Koha item type | Long Loan Book |
| Withdrawn status | Lost status | Source of classification or shelving scheme | Damaged status | Not for loan | Collection | Home library | Current library | Shelving location | Date acquired | Inventory number | Total checkouts | Full call number | Barcode | Date last seen | Copy number | Price effective from | Koha item type |
|---|---|---|---|---|---|---|---|---|---|---|---|---|---|---|---|---|---|
| Library of Congress Classification | Medicine | Kisii University Library | Kisii University Library | On Display | 01/12/2026 | 11609 | RK 76 .P35 2017 | 000000024281 | 01/12/2026 | C.1 | 01/12/2026 | Long Loan Book | |||||
| Library of Congress Classification | Medicine | Kisii University Library | Kisii University Library | On Display | 01/12/2026 | 116010 | RK 76 .P35 2017 | 000000024772 | 01/12/2026 | C.2 | 01/12/2026 | Long Loan Book | |||||
| Library of Congress Classification | Medicine | Kisii University Library | Kisii University Library | On Display | 01/12/2026 | 116011 | RK 76 .P35 2017 | 000000024771 | 01/12/2026 | C.3 | 01/12/2026 | Long Loan Book | |||||
| Library of Congress Classification | Medicine | Kisii University Library | Kisii University Library | On Display | 01/12/2026 | 116012 | RK 76 .P35 2017 | 000000024770 | 01/12/2026 | C.4 | 01/12/2026 | Long Loan Book | |||||
| Library of Congress Classification | Medicine | Kisii University Library | Kisii University Library | On Display | 01/12/2026 | 116013 | RK 76 .P35 2017 | 000000024769 | 01/12/2026 | C.5 | 01/12/2026 | Long Loan Book | |||||
| Library of Congress Classification | Medicine | Kisii University Library | Kisii University Library | On Display | 01/12/2026 | 116014 | RK 76 .P35 2017 | 000000024768 | 01/12/2026 | C.6 | 01/12/2026 | Long Loan Book | |||||
| Library of Congress Classification | Medicine | Kisii University Library | Kisii University Library | On Display | 01/12/2026 | 116015 | RK 76 .P35 2017 | 000000017673 | 01/12/2026 | C.7 | 01/12/2026 | Long Loan Book | |||||
| Library of Congress Classification | Medicine | Kisii University Library | Kisii University Library | On Display | 01/12/2026 | 116016 | RK 76 .P35 2017 | 000000017674 | 01/12/2026 | C.8 | 01/12/2026 | Long Loan Book |